Équipes ayant participées aux Worlds de Rocket League - Statistiques

Statistiques générales
  • Ce quiz a été pris 893 fois
  • Le résultat moyen est 12 sur 70
Statistiques - réponses
Hint Réponse % Correct
Fairy Peak, paschy90, FreaKii Renault Vitality
96%
Itachi, AztraL, noly Karmine Corp
84%
Marc_By_8, Extra, Monkey M00n Team BDS
80%
Ferra, Chausette45, AztraL Solary
68%
Kaydop, Turbopolsa, Violentpanda Dignitas
66%
Kronovi, Rizzo, JKnaps G2 eSports
66%
Sadjunior, Jacob, Fireburner NRG eSports
63%
Joyo, Vatira, Rise Moist Esports
54%
Gyro, AYYJAYY, Allushin FaZe Clan
48%
Ahmad, oKhaliD, Trk511 Team Falcons
48%
Caard, Tander, CaioTG1 Furia Esports
37%
SquishyMuffinz, Torment, Gimmick Cloud 9
33%
Sypical, AxB, Arsenal Spacestation Gaming
33%
Ferra, Chausette45, Bluey PSG eSports
28%
Torment, Comm, BeastMode Version 1
27%
Al0t, Mognus, Metsanauris compLexity Gaming
25%
RelatingWave, Metsanauris, archie Endpoint CeX
25%
Sad, Nxghtt, math Team Secret
22%
AtomiK, Dmentza, VKSailen Team Queso
21%
Deevo, Alpha54, Bluey FC Barcelona
19%
Chausette45, Kassio, ExoTiiK SMPR Esports
18%
Markydooda, M1k3Rules, kuxir97 FlipSid3 Tactics
16%
ThO, noly, Deevo Guild eSports
16%
mist, Dreaz, Allushin OpTic Gaming
15%
Scrub, Superlachie, Bananahead Pioneers
15%
Decka, Julz, Siki Ground Zero Gaming
14%
Turtle, matt, Sizz Rogue
13%
Kaydop, Turbopolsa, Violentpanda Gale Force eSports
12%
Sikii, paschy90, Turbopolsa Mock-It eSports eu
12%
Remkoe, gReazy, Maestro Northern Gaming
10%
Torsos, Kamii, ZeN Renegades
10%
Kronovi, Lachinio, 0ver Zer0 iBUYPOWER
9%
FlamE, Kassio, archie Top Blokes
8%
Remkoe, Deevo, Eyelgnite Team Envy
7%
Ferra, Chausette45, fruity Team Reciprocity
7%
Aztromick, kv1, Lostt The Club
7%
FlamE, FreaKii, Kassio Veloce eSports
6%
Hockser, Roll Dizz, ayjacks eUnited
5%
CorruptedG, Klassux, Chrome Evil Geniuses
5%
LCT, Maxeew, Commutator Gaimin Gladiators
5%
Lethamyr, Klassux, Zanejackey Ghost Gaming
5%
Snowyy, Darth,SkillSteal Orlando Pirates Exdee
5%
Daisy, Happymeal, 2Die4 Bravado Gaming
4%
Al0t, Mognus, Metsanauris Method
4%
Gyro, retals,Mist Pittsburgh Knights
4%
Zez0nix, ams,M7sn 01 Esports
3%
Jake, Drippay, Torsos Chiefs eSports Club
3%
Skyline, Kaydop, Sikii Precision Z
3%
Realize, Tenhow, Sigms Senbei Strikers
3%
Snaski, Sikii, Ferra The Leftovers
3%
Ronaky, Tapdole, Kassio Triple Trouble
3%
SHAD, Reysbull, ajg True Neutral
3%
Remkoe, Eyelgnite, Metsanauris We Dem Girlz
3%
Torsos, Jake, Drippay Alpha Sydney
2%
Walcott, Le Duck, SPYDOGE Canberra Havoc
2%
Lethamyr, CorruptedG, Sadjunior Denial eSports
2%
Turtle, Moses, GarrettG Exodus
2%
Pluto, Espeon, Quinn Lobdell Genesis
2%
Sadjunior, Jacob, Fireburner Kings of Urban
2%
Tander, Caard, RenaN Lowkey eSports
2%
Turtle, Moses, GarrettG Orbit eSports
2%
Kamii, Kia, CJCJ Pale Horse eSports
2%
Dappur, Mijo, timi Selfless Gaming
2%
CJCJ, Kamii, Julz Tainted Minds
2%
Rizzo, Zanejackey, Insolences Take 3
2%
Jessie, Dogu, Vogan The Flying Dutchmen
2%
Drippay, Decka, Julz Cringe Society
1%
Repi, PJ, Matix INTZ eSports
1%
Bango, Montyconor, Express Just a Minute Gaming
1%
Matix, Math, Valt The Three Sins
1%
Aucun quiz correspondant
Distribution des résultats
% des personnes avec chaque résultat
Percentile par nombre de réponses
Votre historique - résultats
Vous n’avez pas pris ce quiz